Yankees Legends - Statistics

General Stats
  • This quiz has been taken 74 times
  • The average score is 7 of 10
Answer Stats
Hint Answer % Correct
3 Babe Ruth
98%
2 Derek Jeter
92%
4 Lou Gehrig
90%
7 Mickey Mantle
90%
5 Joe DiMaggio
87%
8 Yogi Berra
76%
1 Billy Martin
59%
9 Roger Maris
57%
8 Bill Dicky
48%
6 Joe Torre
33%
No matching quizzes found
Score Distribution
Percent of People with Each Score
Percentile by Number Answered
Your Score History
You have not taken this quiz